MARC

LEADER 00000nam0a2200000 4500
001 308485
005 20231102002110.0
020 |a RU  |b 81-79687 
035 |a (RuTPU)RU\TPU\book\333805 
090 |a 308485 
100 |a 20151102d1981 k y0rusy5003 ca 
101 0 |a rus 
102 |a RU 
105 |a a z 001zy 
200 1 |a Основные вопросы комплексного освоения месторождений твердых полезных ископаемых  |e сборник статей  |f Академия наук СССР (АН СССР), Институт проблем комплексного освоения недр (ИПКОН) ; под ред. Д. М. Бронникова 
210 |a Москва  |c Изд-во ИПКОН  |d 1981 
215 |a 214 с.  |c ил. 
320 |a Библиография в конце статей 
606 1 |a Твердые полезные ископаемые  |x Добыча  |2 stltpush  |3 (RuTPU)RU\TPU\subj\58605  |9 76377 
610 1 |a месторождения 
610 1 |a освоение 
610 1 |a открытые работы 
610 1 |a параметры 
610 1 |a эффективность 
610 1 |a рудничные газы 
610 1 |a рудничная пыль 
610 1 |a борьба 
610 1 |a электрическая энергия 
610 1 |a применение 
675 |a 622.33  |v 4 
702 1 |a Бронников  |b Д. М.  |4 340 
712 0 2 |a Академия наук СССР (АН СССР)  |b Институт проблем комплексного освоения недр (ИПКОН)  |c (Москва)  |2 stltpush  |3 (RuTPU)RU\TPU\col\13567 
801 0 |a RU  |b RuMRKP  |c 19950704  |g psbo 
801 1 |a RU  |b 63413507  |c 20151102 
801 2 |a RU  |b 63413507  |c 20171016  |g RCR 
942 |c BK